[Event "Magyar rapid bajnokság"]
[Site "Ajka"]
[Date "2020.07.19"]
[Round "11.15"]
[White "Hardicsay, Peter"]
[Black "Bagi, Mate"]
[Result "1/2-1/2"]
[WhiteElo "2240"]
[BlackElo "2462"]
[PlyCount "97"]
[EventDate "2020.07.17"]
[EventType "swiss"]
[EventRounds "13"]
[EventCountry "HUN"]

1. Nf3 Nf6 2. c4 c5 3. Nc3 d5 4. cxd5 Nxd5 5. d4 Nxc3 6. bxc3 g6 7. g3 Bg7 8.
Bg2 O-O 9. O-O Nc6 10. e3 Qc7 11. Qe2 b6 12. Bb2 Bb7 13. Rac1 Rfd8 14. Rfd1 Na5
15. Ne1 Rac8 16. d5 c4 17. e4 e6 18. dxe6 fxe6 19. Nf3 Rd3 20. Rxd3 cxd3 21.
Qxd3 Nc4 22. Ba1 Rd8 23. Qe2 e5 24. Bh3 Bc8 25. Bxc8 Qxc8 26. Rd1 b5 27. a4 a6
28. axb5 axb5 29. Kg2 Qa8 30. Ng5 Rxd1 31. Qxd1 Bf6 32. h4 Bxg5 33. hxg5 Qxe4+
34. Kg1 Qa8 35. Kh2 Kf8 36. Qd7 Qe8 37. Qxh7 Qf7 38. Qh8+ Ke7 39. Kg1 Qf5 40.
Qa8 Qd7 41. Kg2 Ke6 42. Qa6+ Nd6 43. Bb2 Kf5 44. Bc1 Ke4 45. Qa2 Kd3 46. Qd5+
Kc2 47. Qd2+ Kb3 48. Qd5+ Kc2 49. Qd2+ 1/2-1/2

[Event "Magyar rapid bajnokság"]
[Site "Ajka"]
[Date "2020.07.19"]
[Round "11.16"]
[White "Udvardi, Zalan"]
[Black "Seres, Lajos"]
[Result "0-1"]
[WhiteElo "2078"]
[BlackElo "2455"]
[PlyCount "80"]
[EventDate "2020.07.17"]
[EventType "swiss"]
[EventRounds "13"]
[EventCountry "HUN"]

1. e4 c5 2. Nc3 Nc6 3. g3 g6 4. Bg2 Bg7 5. d3 e6 6. Be3 Qa5 7. Nge2 Nd4 8. O-O
Ne7 9. Nc1 O-O 10. Nb3 Qc7 11. Bxd4 cxd4 12. Ne2 e5 13. c3 dxc3 14. Nxc3 d6 15.
Rc1 Qb6 16. Nd2 Qxb2 17. Nb3 Be6 18. Nb5 Qxa2 19. Nd2 Qa5 20. Nxd6 Qa6 21. N6c4
Rfd8 22. Qe2 Nc6 23. Ra1 Nd4 24. Qd1 Qc6 25. f4 exf4 26. gxf4 b5 27. Na5 Qb6
28. Kh1 Rac8 29. f5 gxf5 30. exf5 Nxf5 31. Be4 Ne3 32. Qh5 Nxf1 33. Bxh7+ Kf8
34. Rxf1 Qxa5 35. Bg6 Rd7 36. Ne4 Bd5 37. h4 b4 38. Kh2 Qc7+ 39. Kh3 Bxe4 40.
dxe4 Rd3+ 0-1

[Event "Magyar rapid bajnokság"]
[Site "Ajka"]
[Date "2020.07.19"]
[Round "11.17"]
[White "Egresi, Mate"]
[Black "Krstulovic, Alex"]
[Result "1/2-1/2"]
[WhiteElo "2299"]
[BlackElo "2108"]
[PlyCount "82"]
[EventDate "2020.07.17"]
[EventType "swiss"]
[EventRounds "13"]
[EventCountry "HUN"]

1. d4 Nf6 2. c4 b6 3. Nf3 Bb7 4. g3 g6 5. Bg2 Bg7 6. O-O O-O 7. Bf4 d6 8. Nc3
Ne4 9. Nxe4 Bxe4 10. Qd2 c5 11. Bh6 Nc6 12. Rfd1 Bxh6 13. Qxh6 Bxf3 14. Bxf3
Nxd4 15. Bxa8 Qxa8 16. Rd2 Qe4 17. Qe3 Qxe3 18. fxe3 Nc6 19. e4 Ne5 20. b3 Kg7
21. Rf1 h5 22. h3 f6 23. Kg2 Nc6 24. Rf2 Nd4 25. e3 Ne6 26. h4 Rh8 27. Kh3 Nd8
28. g4 Nf7 29. gxh5 Rxh5 30. Kg3 Ne5 31. Rh2 Kf7 32. Rdg2 Nd3 33. Rd2 Ne5 34.
Rdg2 Rh6 35. Rd2 Nc6 36. Kf4 Ke6 37. Rdg2 Ne5 38. Rd2 Rh5 39. Kg3 Nc6 40. Rhf2
Re5 41. Rf4 Rh5 1/2-1/2

[Event "Magyar rapid bajnokság"]
[Site "Ajka"]
[Date "2020.07.19"]
[Round "11.18"]
[White "Buzas, Bertalan"]
[Black "Almasi, Zoltan"]
[Result "0-1"]
[WhiteElo "2080"]
[BlackElo "2678"]
[PlyCount "110"]
[EventDate "2020.07.17"]
[EventType "swiss"]
[EventRounds "13"]
[EventCountry "HUN"]

1. d4 Nf6 2. Nf3 e6 3. Bf4 c5 4. e3 Be7 5. h3 b6 6. c3 O-O 7. Nbd2 cxd4 8. exd4
d6 9. Be2 Ba6 10. O-O h6 11. Re1 Re8 12. a4 Bxe2 13. Qxe2 Nc6 14. Nc4 Rb8 15.
Ne3 Bf8 16. Qb5 Ne7 17. Ng4 Nfd5 18. Bh2 Ng6 19. Ne3 Ndf4 20. h4 e5 21. dxe5
dxe5 22. h5 Nxh5 23. Rad1 Qc8 24. Nxe5 Nxe5 25. Bxe5 a6 26. Qd5 Ra8 27. g4 Qe6
28. Qxe6 Rxe6 29. Nd5 Rg6 30. f3 f5 31. Rd4 fxg4 32. fxg4 Re8 33. Kh1 Rge6 34.
gxh5 Rxe5 35. Rxe5 Rxe5 36. Nf4 Bc5 37. Rd8+ Kf7 38. Rd7+ Kf6 39. b4 Be3 40.
Nd5+ Ke6 41. Rd8 Rxh5+ 42. Kg2 Rxd5 43. Re8+ Kf5 44. Rxe3 g5 45. c4 Rd2+ 46.
Kg3 Rc2 47. Rf3+ Ke5 48. Re3+ Kf5 49. Rf3+ Kg6 50. Rd3 Rxc4 51. Rd6+ Kf5 52.
Rxb6 h5 53. b5 h4+ 54. Kf2 a5 55. Rc6 Rxc6 0-1

[Event "Magyar rapid bajnokság"]
[Site "Ajka"]
[Date "2020.07.19"]
[Round "11.19"]
[White "Varga, Peter"]
[Black "Gombocz, Ferenc Jr"]
[Result "1/2-1/2"]
[WhiteElo "2323"]
[BlackElo "1943"]
[PlyCount "80"]
[EventDate "2020.07.17"]
[EventType "swiss"]
[EventRounds "13"]
[EventCountry "HUN"]

1. d4 d5 2. c4 c6 3. Nf3 Nf6 4. e3 Bf5 5. Nc3 a6 6. Be2 h6 7. O-O e6 8. b3 Nbd7
9. Bb2 Bd6 10. a4 O-O 11. Ba3 Qe7 12. Bxd6 Qxd6 13. c5 Qe7 14. b4 e5 15. b5
axb5 16. axb5 Ne4 17. Nxe4 dxe4 18. Nd2 exd4 19. exd4 e3 20. Rxa8 Rxa8 21. Nc4
exf2+ 22. Rxf2 Bg6 23. bxc6 bxc6 24. Bf3 Rb8 25. Rf1 Nxc5 26. Ne5 Rb1 27. Qe2
Rxf1+ 28. Kxf1 Ne6 29. Nxc6 Qa3 30. Kf2 Bd3 31. Qd2 Ng5 32. Ne5 Be4 33. h4 Nxf3
34. gxf3 Bd5 35. Qe3 Qb2+ 36. Kg3 Qb8 37. Qf4 Qb1 38. Qe3 Qb8 39. Qf4 Qb1 40.
Qe3 Qb8 1/2-1/2

[Event "Magyar rapid bajnokság"]
[Site "Ajka"]
[Date "2020.07.19"]
[Round "11.20"]
[White "Kiss, Pal"]
[Black "Havanecz, Bianka"]
[Result "1/2-1/2"]
[WhiteElo "2264"]
[BlackElo "2122"]
[PlyCount "73"]
[EventDate "2020.07.17"]
[EventType "swiss"]
[EventRounds "13"]
[EventCountry "HUN"]

1. d4 d5 2. c4 e6 3. Nf3 Nf6 4. g3 Be7 5. Bg2 O-O 6. O-O dxc4 7. Qc2 a6 8. Qxc4
b5 9. Qc2 Bb7 10. Bf4 Nc6 11. Rd1 Rc8 12. Nc3 Nb4 13. Qc1 Qe8 14. a3 Nbd5 15.
Nxd5 Bxd5 16. b4 Nd7 17. Ne5 Bxg2 18. Kxg2 Nxe5 19. Bxe5 f6 20. Bf4 Bd6 21. Ra2
Ra8 22. Bxd6 cxd6 23. Qc7 d5 24. Qd6 Rf7 25. Rc2 Rd7 26. Qc6 Kf7 27. Rdc1 Qd8
28. e3 h6 29. h4 Raa7 30. Qc8 Qxc8 31. Rxc8 Rdb7 32. R8c6 h5 33. Kf3 a5 34.
bxa5 Rxa5 35. Rc7+ Rxc7 36. Rxc7+ Kg6 37. Rb7 1/2-1/2

[Event "Magyar rapid bajnokság"]
[Site "Ajka"]
[Date "2020.07.19"]
[Round "11.21"]
[White "Ongut, Tamas Gunes"]
[Black "Nemeth, Zoltan"]
[Result "1-0"]
[WhiteElo "1979"]
[BlackElo "2247"]
[PlyCount "61"]
[EventDate "2020.07.17"]
[EventType "swiss"]
[EventRounds "13"]
[EventCountry "HUN"]

1. d4 Nf6 2. c4 e6 3. Nc3 Bb4 4. f3 d5 5. a3 Bxc3+ 6. bxc3 c5 7. cxd5 exd5 8.
e3 O-O 9. Bd3 b6 10. Ne2 Ba6 11. O-O Bxd3 12. Qxd3 Re8 13. Ng3 Nc6 14. Bb2 Na5
15. Rae1 Qc7 16. e4 cxd4 17. cxd4 Qc4 18. Qd2 h6 19. e5 Nh7 20. Nf5 Qa2 21. Rf2
Nc4 22. Qc3 Rac8 23. Bc1 Qb1 24. Nxg7 Kxg7 25. Bxh6+ Kxh6 26. Rxb1 Kg7 27. f4
Kh8 28. Qf3 b5 29. f5 a6 30. Qh5 Nxa3 31. Rb3 1-0

[Event "Magyar rapid bajnokság"]
[Site "Ajka"]
[Date "2020.07.19"]
[Round "11.22"]
[White "Pasztor, Ferenc"]
[Black "Persanyi, Barnabas"]
[Result "0-1"]
[WhiteElo "2222"]
[BlackElo "2019"]
[PlyCount "42"]
[EventDate "2020.07.17"]
[EventType "swiss"]
[EventRounds "13"]
[EventCountry "HUN"]

1. d4 Nf6 2. Nf3 e6 3. c4 b6 4. g3 Bb7 5. Bg2 Be7 6. O-O O-O 7. d5 exd5 8. Nh4
c6 9. cxd5 Nxd5 10. Bxd5 Bxh4 11. gxh4 cxd5 12. Nc3 Qxh4 13. f3 d4 14. Nb5 Nc6
15. Rf2 d3 16. Qxd3 Ba6 17. Bd2 Rac8 18. Rg2 Ne5 19. Qf5 Ng6 20. Rg4 Qe7 21.
Kf1 Rc5 0-1

[Event "Magyar rapid bajnokság"]
[Site "Ajka"]
[Date "2020.07.19"]
[Round "11.23"]
[White "Gaal, Zsoka"]
[Black "Kovacs, Klara"]
[Result "1-0"]
[WhiteElo "1816"]
[BlackElo "2196"]
[PlyCount "101"]
[EventDate "2020.07.17"]
[EventType "swiss"]
[EventRounds "13"]
[EventCountry "HUN"]

1. Nf3 d5 2. d4 Nf6 3. c4 e6 4. Nc3 Be7 5. g3 O-O 6. Bg2 Nbd7 7. O-O dxc4 8. e4
c5 9. Be3 Ng4 10. Qe2 cxd4 11. Bxd4 e5 12. Be3 Nxe3 13. Qxe3 Re8 14. Qe2 Qc7
15. Rac1 Nb6 16. Rfd1 Bg4 17. h3 Bxf3 18. Bxf3 Bc5 19. Nd5 Nxd5 20. exd5 e4 21.
d6 Bxd6 22. Bxe4 Bxg3 23. Rxc4 Bh2+ 24. Kh1 Qe5 25. Qf3 Rad8 26. Bd5 Rf8 27.
Bxf7+ Kh8 28. Rxd8 Rxd8 29. Re4 Rd1+ 30. Qxd1 Qxe4+ 31. Kxh2 Qf4+ 32. Kg2 Qxf7
33. Qd8+ Qg8 34. Qd7 Qb8 35. h4 h6 36. Kf3 b6 37. Kg4 Qe5 38. Qc8+ Kh7 39. Qf5+
Qxf5+ 40. Kxf5 Kg8 41. Kg6 Kf8 42. f3 Kg8 43. f4 Kf8 44. f5 Kg8 45. h5 b5 46.
b4 a6 47. a3 Kh8 48. f6 Kg8 49. fxg7 a5 50. bxa5 b4 51. a6 1-0

[Event "Magyar rapid bajnokság"]
[Site "Ajka"]
[Date "2020.07.19"]
[Round "11.24"]
[White "Balint, Vilmos"]
[Black "Kovacsy, Barnabas"]
[Result "1-0"]
[WhiteElo "2187"]
[BlackElo "2011"]
[PlyCount "57"]
[EventDate "2020.07.17"]
[EventType "swiss"]
[EventRounds "13"]
[EventCountry "HUN"]

1. Nf3 Nf6 2. g3 g6 3. Bg2 Bg7 4. O-O O-O 5. c4 c6 6. d4 d5 7. b3 Ne4 8. Bb2
Bf5 9. Nh4 Bd7 10. Nc3 Nxc3 11. Bxc3 dxc4 12. bxc4 Qc7 13. Rb1 Na6 14. Qb3 Rab8
15. Rfe1 b5 16. e3 b4 17. Bb2 Qa5 18. Nf3 Rfd8 19. h4 Bf5 20. e4 Bg4 21. e5 Nc7
22. Ng5 h6 23. Ne4 Ne6 24. d5 Nc5 25. Nxc5 Qxc5 26. dxc6 Bf5 27. Rbd1 Rxd1 28.
Rxd1 Bxe5 29. Rd5 1-0

[Event "Magyar rapid bajnokság"]
[Site "Ajka"]
[Date "2020.07.19"]
[Round "11.25"]
[White "Csati, Oliver"]
[Black "Lehocz, Jozsef"]
[Result "0-1"]
[WhiteElo "2141"]
[BlackElo "1848"]
[PlyCount "104"]
[EventDate "2020.07.17"]
[EventType "swiss"]
[EventRounds "13"]
[EventCountry "HUN"]

1. e4 Nf6 2. e5 Nd5 3. d4 Nb6 4. Nf3 d5 5. Bd3 Bg4 6. h3 Bxf3 7. Qxf3 e6 8. O-O
c5 9. c3 Nc6 10. Be3 a6 11. a3 cxd4 12. cxd4 Na5 13. Nd2 g6 14. b4 Nc6 15. Qg3
Bg7 16. h4 h5 17. f4 Ne7 18. Rae1 Qd7 19. Nb3 Nc4 20. Nc5 Qc8 21. f5 exf5 22.
Bxc4 dxc4 23. e6 O-O 24. exf7+ Rxf7 25. Kh1 b6 26. Na4 Qb7 27. Bg5 f4 28. Rxf4
Nf5 29. Qf2 Qc6 30. Nc3 Rd8 31. d5 Qc7 32. Bxd8 Qxd8 33. Ne4 Qxd5 34. Ng5 Rf8
35. Ne6 Rf7 36. Ng5 Rf8 37. Ne6 Rf6 38. Nxg7 Kxg7 39. Re7+ Kh6 40. Re1 Qd6 41.
Rf1 b5 42. g3 Qd3 43. Kh2 Re6 44. Re1 Rxe1 45. Qxe1 c3 46. Rf2 Qxg3+ 47. Kh1
Qxh4+ 48. Kg1 Qg5+ 49. Rg2 Qe3+ 50. Qxe3+ Nxe3 51. Re2 c2 52. Re1 Nd1 0-1

[Event "Magyar rapid bajnokság"]
[Site "Ajka"]
[Date "2020.07.19"]
[Round "12.2"]
[White "Banusz, Tamas"]
[Black "Mihok, Oliver"]
[Result "1-0"]
[WhiteElo "2614"]
[BlackElo "2508"]
[PlyCount "39"]
[EventDate "2020.07.17"]
[EventType "swiss"]
[EventRounds "13"]
[EventCountry "HUN"]

1. d4 Nf6 2. Nf3 c5 3. d5 b5 4. c3 Qb6 5. a4 b4 6. a5 Qd6 7. c4 e6 8. Nbd2 exd5
9. cxd5 Qxd5 10. e4 Qh5 11. e5 Nd5 12. Ne4 Bb7 13. a6 Bc6 14. Ng3 Qg4 15. h3
Qe6 16. Bc4 Be7 17. O-O d6 18. Re1 Nd7 19. exd6 Qxd6 20. Nf5 1-0

[Event "Magyar rapid bajnokság"]
[Site "Ajka"]
[Date "2020.07.19"]
[Round "12.3"]
[White "Aczel, Gergely"]
[Black "Kantor, Gergely"]
[Result "1/2-1/2"]
[WhiteElo "2506"]
[BlackElo "2424"]
[PlyCount "23"]
[EventDate "2020.07.17"]
[EventType "swiss"]
[EventRounds "13"]
[EventCountry "HUN"]

1. d4 Nf6 2. c4 e6 3. Nc3 Bb4 4. e3 O-O 5. Bd3 d5 6. Nf3 b6 7. O-O Bb7 8. cxd5
exd5 9. a3 Bd6 10. b4 a6 11. Bb2 Nbd7 12. Qb3 1/2-1/2

[Event "Magyar rapid bajnokság"]
[Site "Ajka"]
[Date "2020.07.19"]
[Round "12.4"]
[White "Kozak, Adam"]
[Black "Horvath, Adam"]
[Result "1-0"]
[WhiteElo "2438"]
[BlackElo "2496"]
[PlyCount "65"]
[EventDate "2020.07.17"]
[EventType "swiss"]
[EventRounds "13"]
[EventCountry "HUN"]

1. Nf3 c5 2. c4 Nc6 3. g3 g6 4. Bg2 Bg7 5. Nc3 d6 6. O-O e6 7. a3 Nge7 8. b4 b6
9. Rb1 O-O 10. Qb3 Bb7 11. Bb2 Qd7 12. e3 Rac8 13. Rfd1 e5 14. Ne2 f5 15. d4
cxd4 16. exd4 e4 17. Nd2 d5 18. c5 Nd8 19. a4 Ne6 20. f4 bxc5 21. dxc5 d4 22.
Nc4 d3 23. Bxg7 Kxg7 24. Ne5 Qd5 25. Qb2 Rfd8 26. Rxd3 exd3 27. Bxd5 Rxd5 28.
Nc3 Rdd8 29. Nb5 d2 30. Rd1 Be4 31. Nc6+ Kf7 32. Nxd8+ Rxd8 33. Rxd2 1-0

[Event "Magyar rapid bajnokság"]
[Site "Ajka"]
[Date "2020.07.19"]
[Round "12.5"]
[White "Mester, Gyula"]
[Black "Kaczur, Florian"]
[Result "0-1"]
[WhiteElo "2426"]
[BlackElo "2454"]
[PlyCount "74"]
[EventDate "2020.07.17"]
[EventType "swiss"]
[EventRounds "13"]
[EventCountry "HUN"]

1. d4 Nf6 2. g3 d5 3. Bg2 c5 4. Nf3 cxd4 5. O-O h6 6. Nxd4 e5 7. Nf3 Nc6 8. c4
d4 9. a3 Be6 10. b3 a5 11. Ne1 g5 12. Ra2 Bg7 13. Nd3 O-O 14. e4 a4 15. Nd2 Nd7
16. b4 b5 17. Rc2 bxc4 18. Nxc4 Qe7 19. f4 f6 20. Bd2 Na7 21. Qa1 Nb5 22. Rfc1
Nc3 23. Bxc3 Bxc4 24. Bxd4 Bxd3 25. Rd2 Bb5 26. Bc5 Nxc5 27. Rxc5 Qb7 28. Bh3
Rad8 29. Be6+ Kh8 30. Bd5 Qb6 31. Rdc2 exf4 32. gxf4 f5 33. Qd1 fxe4 34. fxg5
Rf1+ 35. Qxf1 Bxf1 36. Kxf1 hxg5 37. Rc8 Qa6+ 0-1

[Event "Magyar rapid bajnokság"]
[Site "Ajka"]
[Date "2020.07.19"]
[Round "12.6"]
[White "Seres, Lajos"]
[Black "Balogh, Csaba"]
[Result "0-1"]
[WhiteElo "2455"]
[BlackElo "2653"]
[PlyCount "54"]
[EventDate "2020.07.17"]
[EventType "swiss"]
[EventRounds "13"]
[EventCountry "HUN"]

1. d4 Nf6 2. g3 d5 3. Bg2 c6 4. Nf3 Bf5 5. O-O h6 6. b3 e6 7. Bb2 Be7 8. Nbd2
a5 9. c4 O-O 10. Ne5 Nbd7 11. Nxd7 Qxd7 12. Re1 Rfd8 13. e4 dxe4 14. Nxe4 Nxe4
15. Bxe4 Bf6 16. Bxf5 exf5 17. Qc2 Bxd4 18. Rad1 c5 19. Bxd4 cxd4 20. Re5 Qc7
21. Qxf5 a4 22. Qe4 axb3 23. axb3 d3 24. Rd5 Rxd5 25. cxd5 d2 26. Kf1 Qc1 27.
Qb1 Rc8 0-1

[Event "Magyar rapid bajnokság"]
[Site "Ajka"]
[Date "2020.07.19"]
[Round "12.7"]
[White "Ruck, Robert"]
[Black "Balog, Imre"]
[Result "1-0"]
[WhiteElo "2453"]
[BlackElo "2626"]
[PlyCount "80"]
[EventDate "2020.07.17"]
[EventType "swiss"]
[EventRounds "13"]
[EventCountry "HUN"]

1. Nf3 b6 2. g3 Bb7 3. Bg2 Nf6 4. c4 g6 5. Nc3 Bg7 6. O-O O-O 7. d4 Ne4 8. Nxe4
Bxe4 9. Be3 d5 10. Qa4 dxc4 11. Qxc4 Nc6 12. Rac1 Rc8 13. Rfd1 Qd5 14. Qxd5
Bxd5 15. Ne1 Nb4 16. Bd2 Bxg2 17. Kxg2 Nd5 18. e4 Nf6 19. f3 Rfd8 20. Be3 Ne8
21. Rd2 Rd7 22. d5 f5 23. Nd3 fxe4 24. fxe4 Nd6 25. Nf2 Kf7 26. Bf4 Nb7 27.
Rdc2 e6 28. b3 exd5 29. exd5 Nc5 30. b4 Na6 31. a3 Rxd5 32. Bxc7 Bh6 33. Bf4
Rxc2 34. Rxc2 Bxf4 35. gxf4 Rd7 36. Kf3 h5 37. Ke3 Nc7 38. Nd3 Nd5+ 39. Kf3 Kf6
40. Ne5 Rd6 1-0

[Event "Magyar rapid bajnokság"]
[Site "Ajka"]
[Date "2020.07.19"]
[Round "12.8"]
[White "Papp, Gabor"]
[Black "Emodi, Barnabas"]
[Result "1/2-1/2"]
[WhiteElo "2603"]
[BlackElo "2339"]
[PlyCount "65"]
[EventDate "2020.07.17"]
[EventType "swiss"]
[EventRounds "13"]
[EventCountry "HUN"]

1. e4 c5 2. Nf3 d6 3. d4 cxd4 4. Nxd4 e5 5. Nf3 Nf6 6. Bg5 Be7 7. Bxf6 Bxf6 8.
c4 O-O 9. Nc3 Nc6 10. Be2 Be6 11. O-O Rc8 12. Rc1 a6 13. Qd2 h6 14. Rfd1 Nd4
15. Nxd4 exd4 16. Nd5 Bxd5 17. cxd5 Qb6 18. Bd3 Rfe8 19. f4 g6 20. g3 Bg7 21.
Kg2 a5 22. Rc2 Rxc2 23. Qxc2 a4 24. Rc1 Ra8 25. a3 Ra5 26. Qc8+ Kh7 27. Rc2 Rc5
28. Rxc5 dxc5 29. Kh3 Qb3 30. Bf1 Qf3 31. Bb5 d3 32. e5 d2 33. Bxa4 1/2-1/2

[Event "Magyar rapid bajnokság"]
[Site "Ajka"]
[Date "2020.07.19"]
[Round "12.9"]
[White "Antal, Gergely"]
[Black "Horvath, Jozsef"]
[Result "0-1"]
[WhiteElo "2537"]
[BlackElo "2438"]
[PlyCount "82"]
[EventDate "2020.07.17"]
[EventType "swiss"]
[EventRounds "13"]
[EventCountry "HUN"]

1. e4 d6 2. d4 Nf6 3. Nc3 e5 4. dxe5 dxe5 5. Qxd8+ Kxd8 6. Bc4 Ke8 7. f4 Bb4 8.
Bd3 Nc6 9. Nf3 Be6 10. f5 Bxf5 11. exf5 e4 12. Bb5 exf3 13. gxf3 Kf8 14. Bxc6
bxc6 15. Bd2 Re8+ 16. Kf1 Re5 17. a3 Bd6 18. Kg2 Rxf5 19. Rhe1 h5 20. Ne4 Nxe4
21. Rxe4 f6 22. Ra4 Kf7 23. Re1 Rd8 24. Re2 Bc5 25. Rc4 Rd4 26. Rxd4 Bxd4 27.
Re4 Bxb2 28. Ra4 Rd5 29. Bf4 Rd4 30. Rxd4 Bxd4 31. Bxc7 Ke6 32. c4 Be5 33. Ba5
Bb2 34. Bb4 Ke5 35. Bc5 a6 36. Kf1 Bd4 37. Bf8 g6 38. Ke2 Ke6 39. h3 Be5 40.
Bh6 g5 41. Kd3 Bd6 0-1

[Event "Magyar rapid bajnokság"]
[Site "Ajka"]
[Date "2020.07.19"]
[Round "12.10"]
[White "Czebe, Attila"]
[Black "Csonka, Balazs"]
[Result "0-1"]
[WhiteElo "2517"]
[BlackElo "2324"]
[PlyCount "170"]
[EventDate "2020.07.17"]
[EventType "swiss"]
[EventRounds "13"]
[EventCountry "HUN"]

1. Nf3 Nf6 2. g3 d5 3. Bg2 e6 4. O-O Be7 5. b3 O-O 6. Bb2 c5 7. c4 b6 8. e3 Nc6
9. Nc3 Ba6 10. d3 Qd7 11. Qe2 Rac8 12. Rfd1 Rfd8 13. Rac1 Qb7 14. Qc2 Qb8 15.
a3 h6 16. Qb1 dxc4 17. dxc4 Bb7 18. Ne2 Na5 19. Bc3 Qa8 20. Ne1 Bxg2 21. Nxg2
Ne4 22. h4 Nxc3 23. Nxc3 Nc6 24. Ne1 Bf6 25. Ne4 Ne5 26. Nxf6+ gxf6 27. Qc2 Kg7
28. Qe2 Rxd1 29. Rxd1 Rd8 30. f3 a6 31. Kf2 b5 32. Rxd8 Qxd8 33. f4 Nc6 34.
cxb5 axb5 35. Qxb5 Qd2+ 36. Qe2 Qc1 37. a4 Qa3 38. Qg4+ Kf8 39. Qd1 Nb4 40. Nd3
c4 41. Nxb4 Qxb4 42. bxc4 Qxc4 43. Qd4 Qc2+ 44. Kf3 Qc6+ 45. e4 Kg7 46. a5 Qb5
47. Qc3 Qf1+ 48. Ke3 Qg1+ 49. Kd2 Qg2+ 50. Kc1 Qxe4 51. Kb2 Qa4 52. Qc5 Qe4 53.
Qc3 Qa4 54. h5 Qb5+ 55. Ka3 Qxh5 56. Kb4 Qe2 57. Qc4 Qe1+ 58. Kb5 Qxg3 59. a6
Qe3 60. Qc5 Qb3+ 61. Kc6 Qb8 62. a7 Qc8+ 63. Kb6 Qd8+ 64. Qc7 Qd4+ 65. Kb7 Qb4+
66. Qb6 Qe7+ 67. Kc6 Qe8+ 68. Kd6 e5 69. f5 e4 70. Qc6 Qe5+ 71. Kd7 Qd4+ 72.
Ke8 Qxa7 73. Qxe4 Qb8+ 74. Kd7 Qe5 75. Qg2+ Kf8 76. Qa8+ Kg7 77. Qg2+ Kh7 78.
Qg4 Qe3 79. Qc4 Kg7 80. Qg4+ Qg5 81. Qe4 h5 82. Ke8 Qg4 83. Qc2 h4 84. Qc7 Qe4+
85. Kd8 Qd5+ 0-1

[Event "Magyar rapid bajnokság"]
[Site "Ajka"]
[Date "2020.07.19"]
[Round "12.11"]
[White "Meszaros, Tamas"]
[Black "Nagy, Gabor"]
[Result "0-1"]
[WhiteElo "2401"]
[BlackElo "2523"]
[PlyCount "60"]
[EventDate "2020.07.17"]
[EventType "swiss"]
[EventRounds "13"]
[EventCountry "HUN"]

1. e4 c5 2. Nf3 Nc6 3. Bb5 Na5 4. c3 a6 5. Ba4 b5 6. Bc2 Bb7 7. O-O Nf6 8. Qe2
e6 9. e5 Nd5 10. d4 cxd4 11. cxd4 Rc8 12. Be4 Be7 13. Nc3 Rxc3 14. bxc3 Nxc3
15. Qd3 Nxe4 16. Ne1 f5 17. f3 Ng5 18. Nc2 O-O 19. Ne3 Nc6 20. Bb2 Nb4 21. Qb3
Nd5 22. a4 Nxe3 23. Qxe3 b4 24. a5 Bd5 25. Rfc1 Nf7 26. Rc2 h6 27. Bc1 Qa8 28.
Rb1 Nd8 29. Rc7 Nc6 30. Rxd7 Qc8 0-1

[Event "Magyar rapid bajnokság"]
[Site "Ajka"]
[Date "2020.07.19"]
[Round "12.12"]
[White "Almasi, Zoltan"]
[Black "Karacsonyi, Gellert"]
[Result "1-0"]
[WhiteElo "2678"]
[BlackElo "2167"]
[PlyCount "73"]
[EventDate "2020.07.17"]
[EventType "swiss"]
[EventRounds "13"]
[EventCountry "HUN"]

1. Nf3 c5 2. c4 Nc6 3. Nc3 g6 4. g3 Bg7 5. Bg2 d6 6. O-O e5 7. d3 Nge7 8. a3
O-O 9. Rb1 a5 10. Ne1 Be6 11. Bg5 f6 12. Bd2 f5 13. Bg5 Qd7 14. Bxe7 Qxe7 15.
Nc2 f4 16. Nd5 Qf7 17. b4 axb4 18. axb4 cxb4 19. Ndxb4 Nxb4 20. Nxb4 Rab8 21.
Nd5 b5 22. Qb3 Rfc8 23. Nc3 fxg3 24. hxg3 Qd7 25. Nxb5 Kh8 26. Qa3 Rc5 27. Nc3
Rcc8 28. Nb5 d5 29. cxd5 Bxd5 30. Bxd5 Qxd5 31. Nc3 Qe6 32. Rxb8 Rxb8 33. Ne4
h5 34. Kg2 Bf6 35. Qa7 Rf8 36. Rb1 Rf7 37. Rb6 1-0

[Event "Magyar rapid bajnokság"]
[Site "Ajka"]
[Date "2020.07.19"]
[Round "12.13"]
[White "Krstulovic, Alex"]
[Black "Horvath, Peter"]
[Result "1-0"]
[WhiteElo "2108"]
[BlackElo "2466"]
[PlyCount "79"]
[EventDate "2020.07.17"]
[EventType "swiss"]
[EventRounds "13"]
[EventCountry "HUN"]

1. d4 d5 2. Nf3 Nf6 3. Bf4 c5 4. e3 Nc6 5. Nbd2 cxd4 6. exd4 Bg4 7. c3 Qb6 8.
Qb3 Qxb3 9. axb3 Nd7 10. Bb5 a6 11. O-O Rc8 12. Bxc6 Rxc6 13. b4 Rb6 14. Bc7
Rc6 15. Bf4 Rb6 16. Ra5 Bxf3 17. Nxf3 e6 18. Rfa1 Bd6 19. Bxd6 Rxd6 20. b5 Nb8
21. bxa6 bxa6 22. Ne5 Rb6 23. Nd3 Ke7 24. R1a2 Rc8 25. Nc5 Rcc6 26. b4 g5 27.
f3 f6 28. Kf2 Kd6 29. Ke3 h6 30. Kd3 Ke7 31. Ra1 Kd6 32. h4 gxh4 33. Rh1 Rb5
34. Rxb5 axb5 35. Rxh4 Rc7 36. Rxh6 Rf7 37. g4 Nd7 38. Rh8 Nxc5+ 39. bxc5+ Kc6
40. Rc8+ 1-0

[Event "Magyar rapid bajnokság"]
[Site "Ajka"]
[Date "2020.07.19"]
[Round "12.14"]
[White "Bagi, Mate"]
[Black "Balint, Vilmos"]
[Result "1/2-1/2"]
[WhiteElo "2462"]
[BlackElo "2187"]
[PlyCount "65"]
[EventDate "2020.07.17"]
[EventType "swiss"]
[EventRounds "13"]
[EventCountry "HUN"]

1. e4 e6 2. Qe2 Be7 3. Nf3 d5 4. d3 c5 5. g3 Nc6 6. Bg2 Nf6 7. O-O O-O 8. e5
Nd7 9. c4 Nb6 10. Rd1 Bd7 11. h4 Qc7 12. Nc3 Nd4 13. Nxd4 cxd4 14. Nb5 Bxb5 15.
cxb5 Nd7 16. Bf4 Qa5 17. a4 Rac8 18. h5 Rc7 19. Qg4 Rfc8 20. Bh6 g6 21. Qxd4
Rc2 22. Rf1 Qb4 23. Qxa7 Nxe5 24. Qxb7 Ng4 25. Bf4 e5 26. Be3 Nxe3 27. fxe3 e4
28. Qxd5 Bf6 29. Qxe4 Qxb2 30. Rab1 Qa2 31. b6 Be5 32. b7 Rb8 33. Qd5 1/2-1/2

[Event "Magyar rapid bajnokság"]
[Site "Ajka"]
[Date "2020.07.19"]
[Round "12.15"]
[White "Lehocz, Jozsef"]
[Black "Korpa, Bence"]
[Result "0-1"]
[WhiteElo "1848"]
[BlackElo "2427"]
[PlyCount "40"]
[EventDate "2020.07.17"]
[EventType "swiss"]
[EventRounds "13"]
[EventCountry "HUN"]

1. e4 c6 2. d4 d5 3. exd5 cxd5 4. Bd3 Nc6 5. c3 g6 6. Bf4 Bg7 7. Nd2 Nh6 8.
Bxh6 Bxh6 9. h4 e5 10. dxe5 Nxe5 11. Bb5+ Kf8 12. Qe2 Nc6 13. O-O-O Kg7 14. h5
Bf5 15. hxg6 hxg6 16. Nh3 Re8 17. Qf1 Nb4 18. b3 Qa5 19. a4 Nd3+ 20. Kb1 Qxc3
0-1

[Event "Magyar rapid bajnokság"]
[Site "Ajka"]
[Date "2020.07.19"]
[Round "12.16"]
[White "Fancsy, Imre"]
[Black "Kolimar, Kristof Pal"]
[Result "1-0"]
[WhiteElo "2414"]
[BlackElo "1824"]
[PlyCount "133"]
[EventDate "2020.07.17"]
[EventType "swiss"]
[EventRounds "13"]
[EventCountry "HUN"]

1. Nf3 Nf6 2. c4 e6 3. g3 d5 4. Bg2 dxc4 5. Qa4+ Bd7 6. Qxc4 c5 7. Ne5 Qc8 8.
Qd3 Nc6 9. Nxd7 Qxd7 10. Qxd7+ Kxd7 11. Na3 Bd6 12. d3 Rac8 13. e3 Rhd8 14. Ke2
Ke7 15. Bd2 b6 16. Rhd1 Nd5 17. Be1 Be5 18. Nc4 Bc7 19. a3 b5 20. Nd2 Be5 21.
Rab1 a6 22. Rdc1 Nb8 23. f4 Bc7 24. e4 Nb6 25. Rxc5 Na4 26. Rc2 Bb6 27. Rbc1
Rxc2 28. Rxc2 Bd4 29. Nb3 Bxb2 30. Rc7+ Rd7 31. Rc8 Rd8 32. Bb4+ Ke8 33. Rc7
Rd7 34. Rc8+ Rd8 35. Rc2 Kd7 36. Na5 Rc8 37. Rxc8 Kxc8 38. e5 Bc3 39. Nb7 Bxb4
40. axb4 f6 41. Kd2 Kc7 42. d4 Nc6 43. Bxc6 Kxc6 44. Nd6 Kd7 45. Ne4 f5 46. Ng5
h6 47. Nf7 Nb6 48. Kc3 Nd5+ 49. Kb3 Ke7 50. Nd6 g5 51. fxg5 hxg5 52. Nb7 f4 53.
gxf4 gxf4 54. Nc5 f3 55. Ne4 Nf4 56. Kc3 Nd5+ 57. Kb3 Kf7 58. Ng5+ Kg6 59. Nxf3
Kf5 60. h4 Ke4 61. h5 Ne7 62. h6 Ng6 63. h7 Ke3 64. d5 exd5 65. e6 Kxf3 66.
h8=Q Nxh8 67. e7 1-0